000 02650cam a2200289 4500500
005 20251228100119.0
041 _afre
042 _adc
100 1 0 _aKaspi, André
_eauthor
245 0 0 _aLes États-Unis et Israël sous la présidence de George W. Bush
260 _c2008.
500 _a68
520 _aRésuméSur l’influence, politique, économique et culturelle, des juifs américains, beaucoup d’idées fausses circulent. Ils ne sont pas nombreux : à peine 2 % de la population. Bien intégrés dans la société, ils participent activement à la vie politique. Les principales organisations juives forment un lobby, légal, qui bénéficie de l’appui des protestants évangéliques. Face au lobby pro-israélien existe un lobby pro-arabe. L’opinion publique, le Congrès, la présidence expriment, sans détours, leurs sympathies pour l’État d’Israël, d’autant plus volontiers qu’ils sont convaincus que l’intérêt national et les sentiments convergent. Aujourd’hui, l’Irak et, plus encore, l’Iran suscitent à Washington les plus fortes inquiétudes. Dans cette perspective, George W. Bush, au terme de son second mandat, tente de faire avancer le processus de paix au Proche-Orient pour rassembler les États qui redoutent l’islamisme chiite ou sunnite.
520 _aMany false ideas are circulating on the political, economic and cultural influence of American Jews. They are not very numerous: barely 2% of the population. Well integrated into the society, they participate actively in political life. The main Jewish organizations form a lobby, which is legal, that benefits from the support of evangelical Protestants. Opposite the pro-Israeli lobby is the pro-Arab one. Public opinion, Congress, and the presidency express their sympathies with Israel without hesitation, and all the more freely as they are convinced that national interest and sympathies converge. Today, Iraq and even more so Iran are the subjects of serious concern. Thus, George W. Bush, at the end of his second term, is trying to push forward the Middle East peace process to gather the States that fear Shiite or Sunnite Islamism.
690 _aÉtats-Unis
690 _aIsraël
690 _ajuif
690 _alobby pro-israélien
690 _aPalestine
690 _aIsrael
690 _aJew
690 _aPalestine
690 _apro-Israeli lobby
690 _aUnited States
786 0 _nVingtième Siècle. Revue d'histoire | 97 | 1 | 2008-01-07 | p. 53-61 | 0294-1759
856 4 1 _uhttps://shs.cairn.info/revue-vingtieme-siecle-revue-d-histoire-2008-1-page-53?lang=fr&redirect-ssocas=7080
999 _c1606111
_d1606111